Теория и практика полярографических методов анализа: сборник статей

Dettagli Bibliografici
Ente Autore: Академия наук Молдавской ССР (АН МССР) Институт химии
Altri autori: Ляликов Ю. С. (редактор), Новик Р. М.
Lingua:russo
Pubblicazione: Кишинев, Штиинца, 1973
Soggetti:
Natura: MixedMaterials Libro
KOHA link:https://koha.lib.tpu.ru/cgi-bin/koha/opac-detail.pl?biblionumber=106640

MARC

LEADER 00000nam0a2200000 4500
001 106640
005 20231101214701.0
035 |a (RuTPU)RU\TPU\book\115153 
090 |a 106640 
100 |a 20061211d1973 km y0rusy50 ca 
101 0 |a rus 
102 |a MD 
105 |a a z 001zy 
200 1 |a Теория и практика полярографических методов анализа  |e сборник статей  |f Академия наук Молдавской ССР; Институт химии; под ред. Ю. С. Ляликова, Р. М. Новика 
210 |a Кишинев  |c Штиинца  |d 1973 
215 |a 112 с.  |c ил. 
320 |a Библиография в конце статей 
606 1 |a Полярографический анализ  |2 stltpush  |3 (RuTPU)RU\TPU\subj\50820  |9 69454 
610 1 |a химия 
610 1 |a полярография 
610 1 |a теория 
610 1 |a практика 
610 1 |a методы 
675 |a 543.552  |v 3 
702 1 |a Ляликов  |b Ю. С.  |4 340 
702 1 |a Новик  |b Р. М.  |4 340 
712 0 2 |a Академия наук Молдавской ССР (АН МССР)  |b Институт химии  |2 stltpush  |3 (RuTPU)RU\TPU\col\11294 
801 1 |a RU  |b 63413507  |c 20061211  |g PSBO 
801 2 |a RU  |b 63413507  |c 20150202  |g PSBO 
942 |c BK